000 00766nam a2200277Ia 4500
999 _c49666
_d49666
001 16598
003 GE_BSU
005 20200131132426.0
008 181216s||||||||xx |||||||||||||| ||und||
020 _aISBN 978-0-7566-8965-0
040 _cGE_BSU
080 _a159.942
100 _aMichelon, Pascale.
_96624
245 _aMax your memory : the complete visual program
245 _cEditor:Angela Bayham
260 _aNew York
260 _bDK Pub.
260 _c2012
300 _a192 p, ill. (chiefly col.) ; 24 cm
541 _h35gel.
653 _aMnemonics. Memory.
653 _aმეხსიერება.
653 _aფსიქოლოგია
700 _aBayham, Angela
_eრედაქტორი
_96625
942 _cBK
_2udc